000 01242cam a22003011 4500
001 l 30000206
003 DLC
005 20260227111533.0
008 840517s1930 dcua f000 0 eng
010 _al 30000206
035 _a(OCoLC)10746151
040 _aDLC
_cViBlbV
_dDLC
_dWaU
050 0 0 _aHD6093
_b.A35 no. 80
110 1 _aUnited States.
_bWomen's Bureau.
245 1 0 _aWomen in Florida industries.
260 _aWashington,
_bU.S. Govt. Print. Off.,
_c1930.
300 _avi, 115 p.
_bincl. tables, diagr.
_c23 cm.
490 1 _aBulletin of the Women's Bureau ;
_vno. 80
500 _aAt head of title: United States Department of labor. James J. Davis, secretary. Women's bureau. Mary Anderson, director.
500 _a"The survey was conducted by and under the direction of Ethel L. Best, industrial supervisor, and the report has been written by Mrs. Best and Mary Elizabeth Pidgeon."--Letter of transmittal.
650 0 _aWomen
_xEmployment
_zFlorida.
650 0 _aWages
_xWomen
_zFlorida.
650 0 _aHours of labor
_zFlorida.
650 0 _aAfrican American women.
700 1 _aBest, Ethel L.
_q(Ethel Lombard)
700 1 _aPidgeon, Mary Elizabeth.
830 0 _aBulletin (United States. Women's Bureau) ;
_v80.
999 _c35996
_d35996